[Event "SC Papenburg-Elmshorner SC"]
[Site "Kiel"]
[Date "2019.09.14"]
[Round "5.2"]
[White "Zoellner, Bente"]
[Black "Neitzel, Emma"]
[Result "1-0"]
[WhiteElo "1619"]
[BlackElo "803"]
[Annotator "Rnd./Pair./Board: 05.005.02"]
[PlyCount "87"]
[EventDate "2019.??.??"]
[WhiteTeam "SC Papenburg"]
[BlackTeam "Elmshorner SC"]

1. d4 d5 2. c4 e6 3. Nc3 Nf6 4. Bg5 Be7 5. Nf3 h6 6. Bh4 O-O 7. e3 b6 8. cxd5
exd5 9. Bd3 Be6 10. O-O Nc6 11. a3 Qd7 12. Bb5 a6 13. Ne5 Qd6 14. Bxc6 Rad8 15.
Bb5 Ra8 16. Bd3 c5 17. Nf3 c4 18. Be2 Rac8 19. a4 Ng4 20. Bxe7 Qxe7 21. h3 Nf6
22. Ne5 Rfd8 23. Qc2 a5 24. b3 cxb3 25. Qxb3 Rc7 26. Nb5 Rb7 27. Nc6 Qd7 28.
Nxd8 Qxd8 29. Rac1 Ne4 30. Qc2 Bf5 31. Bd3 Qd7 32. f3 Ng3 33. Bxf5 Nxf5 34.
Qc8+ Qxc8 35. Rxc8+ Kh7 36. e4 dxe4 37. fxe4 Nd6 38. Nxd6 Rd7 39. Nxf7 Rxd4 40.
Rh8+ Kg6 41. Ne5+ Kg5 42. Rf5+ Kh4 43. Ng6+ Kg3 44. Rf3# 1-0

[Event "SC Papenburg-Elmshorner SC"]
[Site "Kiel"]
[Date "2019.09.14"]
[Round "5.3"]
[White "Klein, Isabel"]
[Black "Evering, Enna"]
[Result "0-1"]
[WhiteElo "800"]
[BlackElo "1604"]
[Annotator "Rnd./Pair./Board: 05.005.03"]
[PlyCount "68"]
[EventDate "2019.??.??"]
[WhiteTeam "Elmshorner SC"]
[BlackTeam "SC Papenburg"]

1. e4 e5 2. Nf3 Nc6 3. Nc3 Nf6 4. Bc4 Nxe4 5. Nxe4 d5 6. Nxe5 Nxe5 7. Bb5+ c6
8. Bd3 dxe4 9. Bxe4 Bd6 10. d4 Ng4 11. d5 Nf6 12. Bg5 cxd5 13. Bxd5 Qa5+ 14. c3
Qxd5 15. Bh4 Qxd1+ 16. Rxd1 Be7 17. h3 O-O 18. O-O Be6 19. b3 Rfd8 20. Rde1
Rac8 21. c4 Rd7 22. Re2 Nh5 23. Rxe6 fxe6 24. g3 Bxh4 25. gxh4 Rd4 26. Kh2 Rxh4
27. Rg1 Rf8 28. Rg2 Rf3 29. Rg3 Nxg3 30. fxg3 Rd4 31. h4 h5 32. c5 Rf2+ 33. Kh3
Rd1 34. g4 Rd3# 0-1

[Event "SC Papenburg-Elmshorner SC"]
[Site "Kiel"]
[Date "2019.09.14"]
[Round "5.4"]
[White "Kube, Maja"]
[Black "Margaryan, Sofia"]
[Result "0-1"]
[WhiteElo "930"]
[BlackElo "800"]
[Annotator "Rnd./Pair./Board: 05.005.04"]
[PlyCount "44"]
[EventDate "2019.??.??"]
[WhiteTeam "SC Papenburg"]
[BlackTeam "Elmshorner SC"]

1. e4 e5 2. Nf3 Nc6 3. Bc4 Bc5 4. Nc3 d6 5. O-O Bg4 6. h3 Nd4 7. Kh1 Nxf3 8.
gxf3 Bxh3 9. Rg1 Qh4 10. Rxg7 Bg4+ 11. Kg1 Qxf2+ 12. Kh1 Bxf3+ 13. Qxf3 Qxf3+
14. Rg2 Qh3+ 15. Rh2 Qg3 16. Ne2 Qe1+ 17. Kg2 Nf6 18. Kh3 Rg8 19. Rg2 Rxg2 20.
Kxg2 Qf2+ 21. Kh1 Ke7 22. b3 Rg8 0-1